[Event "Portoroz op 14th"]
[Site "Portoroz"]
[Date "2023.07.20"]
[Round "7"]
[White "Marinko, Peter"]
[Black "Slusarczyk, Anna"]
[Result "1-0"]
[WhiteElo "2063"]
[BlackElo "1749"]
[PlyCount "51"]
[EventDate "2023.07.15"]
[EventType "swiss"]
[EventRounds "9"]
[EventCountry "SLO"]
[SourceTitle "CBM 215 Extra"]
[Source "ChessBase"]
[SourceDate "2023.09.30"]
[SourceVersion "1"]
[SourceVersionDate "2023.09.30"]
[SourceQuality "1"]

1. d4 Nf6 2. Bg5 Ne4 3. h4 d5 4. Nd2 h6 5. Nxe4 dxe4 6. Bf4 e6 7. e3 Bd6 8. Bxd6 Qxd6 9. c3 Nd7 10. Qg4 0-0 11. Qxe4 Nf6 12. Qc2 e5 13. Nf3 exd4 14. cxd4 Be6 15. Be2 Rac8 16. 0-0 Bd5 17. Rac1 c6 18. Nd2 Rfe8 19. Bf3 Qe6 20. Bxd5 Nxd5 21. Qd1 Qf6 22. g3 Qd6 23. Nc4 Qc7 24. Qf3 Re6 25. Ne5 Rce8 26. Qxd5 1-0

[Event "Ljubljana-chT 75th"]
[Site "Ljubljana"]
[Date "2023.02.16"]
[Round "4.1"]
[White "Sedlar, Tomo"]
[Black "Marinko, Peter"]
[Result "0-1"]
[WhiteElo "1804"]
[BlackElo "2038"]
[PlyCount "120"]
[EventDate "2023.01.12"]
[EventType "team-swiss"]
[EventRounds "9"]
[EventCountry "SLO"]
[SourceTitle "EXT 2024"]
[Source "ChessBase"]
[SourceDate "2023.10.10"]
[SourceVersion "1"]
[SourceVersionDate "2023.10.10"]
[SourceQuality "1"]
[WhiteTeam "Menges Trzin"]
[BlackTeam "Ljubljana SK"]
[WhiteTeamCountry "SLO"]
[BlackTeamCountry "SLO"]

1. d4 d6 2. c4 e5 3. e3 e4 4. g3 f5 5. Bg2 Nf6 6. Ne2 Be7 7. Nbc3 0-0 8. 0-0 Be6 9. b3 Nbd7 10. Bb2 c6 11. Nf4 Bf7 12. d5 g5 13. dxc6 bxc6 14. Nfe2 Ne5 15. Nd4 Qd7 16. Qd2 g4 17. Rfd1 h5 18. Nde2 Nd3 19. Nc1 Nxb2 20. Qxb2 Nh7 21. N1e2 Bf6 22. Qd2 Rad8 23. Rac1 Ng5 24. Nf4 Be5 25. Nce2 Kg7 26. h4 Ne6 27. Qa5 Qb7 28. Rd2 Nxf4 29. Nxf4 Qb6 30. Qa3 Bxf4 31. gxf4 Qc7 32. Kh2 Qe7 33. Kg3 Rd7 34. Rcd1 Rfd8 35. Bf1 Qf6 36. Qa6 d5 37. cxd5 cxd5 38. Qa4 Rc7 39. Qa5 Rdc8 40. Be2 Qc3 41. Qa4 Rb8 42. Qa3 Rb6 43. Qa4 Qb4 44. Qxb4 Rxb4 45. Rb2 Rc3 46. Kg2 a5 47. Rdd2 Rb6 48. Rbc2 Rbc6 49. Bd1 Kf6 50. Rxc3 Rxc3 51. Rc2 Rxc2 52. Bxc2 d4 53. Kf1 dxe3 54. fxe3 a4 55. Ke2 a3 56. Kd2 Ke7 57. Bd1 Kd6 58. Be2 Bxb3 59. Kc3 Bxa2 60. Kb4 Bc4 0-1

[Event "Ljubljana-chT 75th"]
[Site "Ljubljana"]
[Date "2023.01.26"]
[Round "3.1"]
[White "Marinko, Peter"]
[Black "Peric, Bernard"]
[Result "1-0"]
[WhiteElo "2038"]
[BlackElo "2143"]
[PlyCount "83"]
[EventDate "2023.01.12"]
[EventType "team-swiss"]
[EventRounds "9"]
[EventCountry "SLO"]
[SourceTitle "EXT 2024"]
[Source "ChessBase"]
[SourceDate "2023.10.10"]
[SourceVersion "1"]
[SourceVersionDate "2023.10.10"]
[SourceQuality "1"]
[WhiteTeam "Ljubljana SK"]
[BlackTeam "Zagorje ob Savi"]
[WhiteTeamCountry "SLO"]
[BlackTeamCountry "SLO"]

1. d4 Nf6 2. c4 g6 3. Nc3 d5 4. Bg5 Ne4 5. Nxe4 dxe4 6. e3 Bg7 7. Qd2 c5 8. Ne2 Nc6 9. d5 Ne5 10. Nc3 f5 11. Be2 0-0 12. f4 exf3 13. gxf3 Nf7 14. Bh4 Nd6 15. Rg1 a6 16. Bf2 Bd7 17. h4 b5 18. h5 Be8 19. hxg6 hxg6 20. Rc1 Qa5 21. a3 bxc4 22. Bg3 Qd8 23. Bxd6 exd6 24. Kd1 Rb8 25. Bxc4 Qh4 26. b3 Bf7 27. Kc2 Rfe8 28. Rce1 Re7 29. Re2 a5 30. a4 Rb4 31. Qd3 Qf6 32. Rge1 Rb8 33. Qd2 Rbe8 34. e4 Qxc3+ 35. Qxc3 Bxc3 36. Kxc3 fxe4 37. Rxe4 Rxe4 38. Rxe4 Rxe4 39. fxe4 Kg7 40. e5 g5 41. exd6 Kf6 42. d7 1-0

[Event "SLO-chT1 West"]
[Site "Slovenia"]
[Date "2022.10.22"]
[Round "8.4"]
[White "Janko, Roman"]
[Black "Marinko, Peter"]
[Result "1-0"]
[WhiteElo "1853"]
[BlackElo "2035"]
[PlyCount "91"]
[EventDate "2022.10.07"]
[EventType "team-tourn"]
[EventRounds "9"]
[EventCountry "SLO"]
[SourceTitle "EXT 2024"]
[Source "ChessBase"]
[SourceDate "2023.10.10"]
[SourceVersion "1"]
[SourceVersionDate "2023.10.10"]
[SourceQuality "1"]
[WhiteTeam "Dolenjske Toplice"]
[BlackTeam "Ljubljana Tajfun"]
[WhiteTeamCountry "SLO"]
[BlackTeamCountry "SLO"]

1. e4 e5 2. Bc4 Nc6 3. Qh5 g6 4. Qf3 Nf6 5. c3 Bg7 6. d3 Na5 7. Bb5 a6 8. Ba4 b5 9. Bc2 Bb7 10. b4 Nc6 11. a4 0-0 12. Bg5 h6 13. Bxf6 Bxf6 14. axb5 axb5 15. Rxa8 Bxa8 16. Na3 Na7 17. Bb3 Bg7 18. Qe3 Qb8 19. Ne2 Kh7 20. 0-0 c6 21. f4 Nc8 22. f5 Qd6 23. Nc2 Qe7 24. Qf3 Bf6 25. Ne3 Kg7 26. Ng3 Bg5 27. Ng4 Bf6 28. Nxf6 Qxf6 29. Qg4 Qg5 30. f6+ Kg8 31. Qxd7 Nb6 32. Qc7 Qe3+ 33. Kh1 h5 34. Rf3 Qc1+ 35. Nf1 Qxc3 36. Bxf7+ Rxf7 37. Qd8+ Kh7 38. Qxb6 Qxb4 39. Qb8 Qf8 40. Qxe5 c5 41. Ng3 b4 42. Nxh5 Rb7 43. f7 Rxf7 44. Nf6+ Kh6 45. Rh3+ Kg7 46. Rh7# 1-0

[Event "SLO-chT1 West"]
[Site "Slovenia"]
[Date "2022.10.09"]
[Round "3.4"]
[White "Marinko, Peter"]
[Black "Rozman, Monika"]
[Result "1/2-1/2"]
[WhiteElo "2035"]
[BlackElo "2113"]
[PlyCount "114"]
[EventDate "2022.10.07"]
[EventType "team-tourn"]
[EventRounds "9"]
[EventCountry "SLO"]
[SourceTitle "CBM 210 Extra"]
[Source "ChessBase"]
[SourceDate "2022.11.30"]
[SourceVersion "1"]
[SourceVersionDate "2022.11.30"]
[SourceQuality "1"]
[WhiteTeam "Ljubljana Tajfun"]
[BlackTeam "Kranj Tomo Zupan"]
[WhiteTeamCountry "SLO"]
[BlackTeamCountry "SLO"]

1. d4 d5 2. c4 c6 3. Nc3 Nf6 4. cxd5 cxd5 5. Nf3 Nc6 6. Bf4 Bf5 7. Qa4 a6 8. Ne5 Qb6 9. Nxc6 bxc6 10. e3 e6 11. Be2 Be7 12. Qb3 Qxb3 13. axb3 0-0 14. f3 Bc2 15. Bd1 Bxd1 16. Kxd1 c5 17. Kd2 Nd7 18. Na4 cxd4 19. exd4 Bf6 20. Bd6 Rfc8 21. Kd3 Rc6 22. Ba3 Rb8 23. Rhc1 Rxb3+ 24. Rc3 Rbxc3+ 25. bxc3 Rc4 26. Nc5 Nxc5+ 27. Bxc5 h6 28. Rxa6 h5 29. f4 Kh7 30. g3 Kg6 31. Ra7 Bd8 32. h3 Bf6 33. g4 hxg4 34. hxg4 Bh4 35. f5+ Kh7 36. Rxf7 e5 37. Be7 e4+ 38. Kd2 Rc7 39. Rxg7+ Kxg7 40. Bxh4 Rf7 41. c4 dxc4 42. Kc3 Ra7 43. Kxc4 Ra1 44. d5 e3 45. Kd3 Rd1+ 46. Kxe3 Rxd5 47. Kf4 Rd4+ 48. Kg5 Kf7 49. Kh5 Rd5 50. Bf2 Kf6 51. Bh4+ Kf7 52. Be1 Rc5 53. Bb4 Rb5 54. Bc3 Rc5 55. Bd2 Rd5 56. Bf4 Rb5 57. Kh6 Rxf5 1/2-1/2

[Event "SLO-chT Central 23rd"]
[Site "Slovenia"]
[Date "2022.10.06"]
[Round "3.2"]
[White "Orel Music, Simona"]
[Black "Marinko, Peter"]
[Result "1-0"]
[WhiteElo "1941"]
[BlackElo "2035"]
[PlyCount "79"]
[EventDate "2022.09.15"]
[EventType "team-swiss"]
[EventRounds "9"]
[EventCountry "SLO"]
[SourceTitle "EXT 2024"]
[Source "ChessBase"]
[SourceDate "2023.10.10"]
[SourceVersion "1"]
[SourceVersionDate "2023.10.10"]
[SourceQuality "1"]
[WhiteTeam "Kranj Tomo Zupan"]
[BlackTeam "Ljubljana SK"]
[WhiteTeamCountry "SLO"]
[BlackTeamCountry "SLO"]

1. d4 Nf6 2. c4 b6 3. Nf3 Bb7 4. Nc3 e6 5. a3 d5 6. Bg5 Be7 7. e3 Nbd7 8. Bd3 h6 9. Bh4 g5 10. Bg3 Nh5 11. cxd5 Nxg3 12. hxg3 exd5 13. Qb3 c6 14. Rc1 Bf6 15. Kf1 Bg7 16. Kg1 0-0 17. Bb1 Rc8 18. Qc2 f5 19. g4 Rc7 20. Nxd5 Rc8 21. Nc3 c5 22. Qb3+ Kh8 23. Bxf5 cxd4 24. exd4 Bxf3 25. gxf3 Rxf5 26. gxf5 g4 27. f4 Nf6 28. Rd1 Qc7 29. Ne2 Re8 30. Rc1 Qd7 31. Qd3 Re4 32. Qc4 Kh7 33. Rc2 Qxf5 34. Ng3 Re1+ 35. Kg2 Qe6 36. Rxe1 Qxe1 37. Qd3+ Kg8 38. Rc8+ Kf7 39. Rc7+ Kf8 40. Qg6 1-0

[Event "Ljubljana-chT 74th"]
[Site "Ljubljana"]
[Date "2022.02.03"]
[Round "4.1"]
[White "Plaskan, Jure"]
[Black "Marinko, Peter"]
[Result "1-0"]
[WhiteElo "2196"]
[BlackElo "1825"]
[PlyCount "61"]
[EventDate "2022.01.13"]
[EventType "team-swiss"]
[EventRounds "9"]
[EventCountry "SLO"]
[SourceTitle "EXT 2024"]
[Source "ChessBase"]
[SourceDate "2023.10.10"]
[SourceVersion "1"]
[SourceVersionDate "2023.10.10"]
[SourceQuality "1"]
[WhiteTeam "Domzale SD"]
[BlackTeam "Ljubljana SK"]
[WhiteTeamCountry "SLO"]
[BlackTeamCountry "SLO"]

1. e4 e5 2. Nf3 Nc6 3. Bb5 a6 4. Ba4 Nf6 5. 0-0 Be7 6. Re1 b5 7. Bb3 0-0 8. a4 d5 9. exd5 Na5 10. Ba2 e4 11. Ne5 c5 12. d4 c4 13. Bd2 Bb7 14. Na3 Bxa3 15. bxa3 Nxd5 16. Rb1 f6 17. Bxa5 Qxa5 18. Nxc4 bxc4 19. Rxb7 Rac8 20. Rxe4 Kh8 21. Qg4 Rg8 22. Rxg7 Qc3 23. Rxh7+ Kxh7 24. Qf5+ Kg7 25. Rg4+ Kf7 26. Qxd5+ Ke7 27. Re4+ Kf8 28. Qd6+ Kg7 29. Rg4+ Kf7 30. Qd7+ Kf8 31. Qxc8+ 1-0

[Event "SLO-chT2 West"]
[Site "Komenda"]
[Date "2021.12.04"]
[Round "6.4"]
[White "Marinko, Peter"]
[Black "Krivec, Metod"]
[Result "1-0"]
[WhiteElo "1825"]
[BlackElo "1760"]
[PlyCount "91"]
[EventDate "2021.11.27"]
[EventType "team-tourn"]
[EventRounds "7"]
[EventCountry "SLO"]
[SourceTitle "EXT 2024"]
[Source "ChessBase"]
[SourceDate "2023.10.10"]
[SourceVersion "1"]
[SourceVersionDate "2023.10.10"]
[SourceQuality "1"]
[WhiteTeam "Ljubljana SK"]
[BlackTeam "Radovljica"]
[WhiteTeamCountry "SLO"]
[BlackTeamCountry "SLO"]

1. d4 g6 2. e4 d6 3. c4 Bg7 4. Be2 e5 5. Be3 Nc6 6. d5 Nce7 7. g4 f5 8. gxf5 gxf5 9. Bh5+ Ng6 10. exf5 Bxf5 11. Ne2 Qh4 12. Ng3 N8e7 13. Nd2 0-0 14. Qe2 Nf4 15. Nf3 Qf6 16. Qd2 Ng2+ 17. Ke2 Nxe3 18. fxe3 Bg6 19. Raf1 Bh6 20. Rhg1 Kh8 21. h4 Nf5 22. Bxg6 Nxg3+ 23. Rxg3 hxg6 24. Rgg1 Qg7 25. h5 g5 26. Nh2 Rxf1 27. Rxf1 b6 28. Ng4 Rf8 29. b4 Rxf1 30. Kxf1 Qf7+ 31. Qf2 Qxh5 32. Qg2 Kg7 33. Ke2 Qf7 34. Qh3 Qg6 35. Qf3 Kh8 36. Qf6+ Kh7 37. Qe7+ Bg7 38. Kf3 Qf5+ 39. Kg3 e4 40. Qe6 Qf3+ 41. Kh2 Qe2+ 42. Kg1 Qxc4 43. Qf7 Qc1+ 44. Kh2 Qd2+ 45. Kh3 Qd3 46. Nf6+ 1-0

[Event "SLO-chT2 West"]
[Site "Komenda"]
[Date "2021.11.28"]
[Round "4.5"]
[White "Kregulj, Andrej"]
[Black "Marinko, Peter"]
[Result "0-1"]
[WhiteElo "1655"]
[BlackElo "1825"]
[PlyCount "76"]
[EventDate "2021.11.27"]
[EventType "team-tourn"]
[EventRounds "7"]
[EventCountry "SLO"]
[SourceTitle "EXT 2024"]
[Source "ChessBase"]
[SourceDate "2023.10.10"]
[SourceVersion "1"]
[SourceVersionDate "2023.10.10"]
[SourceQuality "1"]
[WhiteTeam "Dolenjske Toplice"]
[BlackTeam "Ljubljana SK"]
[WhiteTeamCountry "SLO"]
[BlackTeamCountry "SLO"]

1. d4 Nf6 2. Bf4 c5 3. e3 Qb6 4. Nc3 a6 5. Rb1 d6 6. Nf3 g6 7. Bg5 Bg7 8. Bxf6 Bxf6 9. Nd5 Qa5+ 10. c3 Bg7 11. Qb3 cxd4 12. exd4 Be6 13. Bc4 b5 14. Ne3 Bxc4 15. Nxc4 Qc7 16. Ne3 0-0 17. 0-0 e6 18. Rfe1 Nd7 19. Ng4 h5 20. Ne3 Nb6 21. Re2 Nc4 22. Rbe1 Rfe8 23. Nd5 Qb7 24. Nf4 d5 25. Qc2 Nd6 26. Ng5 Nf5 27. h3 Bh6 28. Ngxe6 fxe6 29. Rxe6 Rxe6 30. Rxe6 Qg7 31. g4 hxg4 32. hxg4 Nh4 33. Nh3 Qf7 34. Qe2 Ra7 35. g5 Nf3+ 36. Kg2 Nxg5 37. Qg4 Nxe6 38. Qxg6+ Qxg6+ 0-1

[Event "SLO-chT Central 22nd"]
[Site "Slovenia"]
[Date "2021.10.14"]
[Round "5.1"]
[White "Plaskan, Jure"]
[Black "Marinko, Peter"]
[Result "0-1"]
[WhiteElo "2186"]
[BlackElo "1825"]
[PlyCount "98"]
[EventDate "2021.09.16"]
[EventType "team-tourn"]
[EventRounds "7"]
[EventCountry "SLO"]
[SourceTitle "EXT 2024"]
[Source "ChessBase"]
[SourceDate "2023.10.10"]
[SourceVersion "1"]
[SourceVersionDate "2023.10.10"]
[SourceQuality "1"]
[WhiteTeam "Domzale SD"]
[BlackTeam "Ljubljana SK"]
[WhiteTeamCountry "SLO"]
[BlackTeamCountry "SLO"]

1. e4 e5 2. Nf3 Nc6 3. Bb5 a6 4. Ba4 Nf6 5. 0-0 Be7 6. Re1 b5 7. Bb3 0-0 8. a4 Bb7 9. d3 d6 10. Nc3 Na5 11. Ba2 b4 12. Ne2 c5 13. Ng3 Bc8 14. h3 b3 15. cxb3 Rb8 16. Nd2 Nc6 17. Nc4 Nb4 18. Bb1 Rb7 19. Be3 Re8 20. f4 exf4 21. Bxf4 Bf8 22. Rf1 d5 23. Ne3 h6 24. Nef5 Bxf5 25. Nxf5 dxe4 26. dxe4 Rd7 27. Qf3 Nd3 28. Bg3 Nxe4 29. Bxd3 Rxd3 30. Nxh6+ gxh6 31. Qxf7+ Kh8 32. Bc7 Qe7 33. Qg6 Rd7 34. Rae1 Bg7 35. Rf4 Qe6 36. Qh5 Bd4+ 37. Kh2 Rxc7 38. Rexe4 Be5 39. g3 Rce7 40. Rg4 Rg8 41. Rxg8+ Kxg8 42. Re3 Qf6 43. Qe2 Kh8 44. Re4 Qd6 45. Kg2 Qd5 46. Qf3 Qg8 47. g4 Qg7 48. Qe2 Bd6 49. Qxa6 Qxb2+ 0-1

[Event "SLO-chT Central 22nd"]
[Site "Slovenia"]
[Date "2021.09.30"]
[Round "3.1"]
[White "Marinko, Peter"]
[Black "Lucovnik, Tilen"]
[Result "1-0"]
[WhiteElo "1825"]
[BlackElo "2097"]
[PlyCount "65"]
[EventDate "2021.09.16"]
[EventType "team-tourn"]
[EventRounds "7"]
[EventCountry "SLO"]
[SourceTitle "EXT 2024"]
[Source "ChessBase"]
[SourceDate "2023.10.10"]
[SourceVersion "1"]
[SourceVersionDate "2023.10.10"]
[SourceQuality "1"]
[WhiteTeam "Ljubljana SK"]
[BlackTeam "Komenda Popotnik"]
[WhiteTeamCountry "SLO"]
[BlackTeamCountry "SLO"]

1. d4 d5 2. c4 dxc4 3. Nf3 Nf6 4. Nc3 a6 5. a4 Nc6 6. e4 Bg4 7. Be3 Na5 8. h3 Bh5 9. g4 Bg6 10. Nd2 h6 11. f3 e6 12. Bxc4 Bb4 13. Qc2 Nxc4 14. Nxc4 Nd5 15. Bf2 Qf6 16. Nd2 Nf4 17. 0-0-0 Bxc3 18. bxc3 b5 19. h4 0-0 20. h5 Bh7 21. Bh4 g5 22. hxg6 Qxg6 23. g5 hxg5 24. Nb3 f6 25. a5 Rf7 26. Nc5 Rg7 27. Bg3 Qe8 28. Bxf4 gxf4 29. Qa2 Qc6 30. Qh2 Re8 31. Rdg1 Rxg1+ 32. Qxg1+ Kh8 33. Qg6 1-0

[Event "SLO-chT Central 22nd"]
[Site "Slovenia"]
[Date "2021.09.16"]
[Round "1.2"]
[White "Marincek, Bojan"]
[Black "Marinko, Peter"]
[Result "0-1"]
[WhiteElo "1702"]
[BlackElo "1825"]
[PlyCount "120"]
[EventDate "2021.09.16"]
[EventType "team-tourn"]
[EventRounds "7"]
[EventCountry "SLO"]
[SourceTitle "EXT 2024"]
[Source "ChessBase"]
[SourceDate "2023.10.10"]
[SourceVersion "1"]
[SourceVersionDate "2023.10.10"]
[SourceQuality "1"]
[WhiteTeam "Crni Graben"]
[BlackTeam "Ljubljana SK"]
[WhiteTeamCountry "SLO"]
[BlackTeamCountry "SLO"]

1. e4 e5 2. f4 exf4 3. Nf3 Nf6 4. Nc3 d5 5. e5 Ne4 6. d4 Bb4 7. Bd2 c5 8. Bb5+ Nc6 9. a3 Bxc3 10. bxc3 0-0 11. 0-0 Qa5 12. Bxc6 bxc6 13. Qe1 Ba6 14. c4 Nxd2 15. Nxd2 cxd4 16. Rxf4 Qc5 17. Nb3 Qxc4 18. Nxd4 Qc5 19. Kh1 Rae8 20. Nf5 Re6 21. Nd4 Rg6 22. e6 Qe7 23. Nxc6 Qg5 24. Qf2 Rxe6 25. Nd4 Re4 26. Rxe4 dxe4 27. Re1 Re8 28. Nf5 Rd8 29. h4 Qg4 30. Ne3 Qg6 31. Nf5 Qe6 32. Ng3 Bb7 33. h5 Qg4 34. Kg1 Rd1 35. Rxd1 Qxd1+ 36. Kh2 Qd8 37. Qxa7 Ba8 38. Qe3 Qh4+ 39. Kg1 h6 40. c4 Bc6 41. Nf5 Qf6 42. Qc5 Kh7 43. Nd6 Bd7 44. Nxe4 Qf4 45. Qd4 Bc6 46. Nf6+ Qxf6 47. Qxf6 gxf6 48. Kf2 Kg7 49. g3 Kf8 50. Ke3 Ke7 51. Kf4 Bd7 52. Ke4 Kd6 53. Kd4 Bc6 54. c5+ Ke6 55. Kc4 Kf5 56. Kb4 Kg4 57. Ka5 Kxg3 58. Kb6 Ba4 59. c6 Bxc6 60. Kxc6 f5 0-1

[Event "SLO-chT Central 20th"]
[Site "Slovenia"]
[Date "2019.09.19"]
[Round "2.4"]
[White "Halilovic, Elma"]
[Black "Marinko, Peter"]
[Result "0-1"]
[WhiteElo "1271"]
[BlackElo "1948"]
[PlyCount "42"]
[EventDate "2019.09.12"]
[EventType "team-tourn"]
[EventRounds "7"]
[EventCountry "SLO"]
[SourceTitle "EXT 2024"]
[Source "ChessBase"]
[SourceDate "2023.10.10"]
[SourceVersion "1"]
[SourceVersionDate "2023.10.10"]
[SourceQuality "1"]
[WhiteTeam "Menges Trzin"]
[BlackTeam "Klinicni Center"]
[WhiteTeamCountry "SLO"]
[BlackTeamCountry "SLO"]

1. e4 d5 2. exd5 Qxd5 3. Nc3 Qd8 4. Nf3 Bg4 5. h3 Bxf3 6. Qxf3 c6 7. Bc4 e6 8. d3 Nf6 9. Bd2 Nbd7 10. Qe2 a5 11. a3 Bd6 12. Ne4 Nxe4 13. Qxe4 Nf6 14. Qf3 0-0 15. 0-0-0 b5 16. Bb3 a4 17. Ba2 c5 18. c3 b4 19. axb4 cxb4 20. Rhe1 b3 21. Bb1 a3 0-1